000 nam a22 a 4500
999 _c401956
_d401956
003 BLK
005 20210329130019.0
008 210323b bu |||||r|||| 00| | bu d
040 _aBLK
041 _aRUS
_cRUS
080 _aОбщи въпроси и теория на текстилната промишленост
_b677.01
_z677.01
100 _91299
_aГиббинс, Г.
_eпърви автор
139 _aГиббинс, Г.
245 _aПромышленная история Англии
_cГ. Гиббинс.
250 _a2 изд. с прим. и прил.
260 _9443988
_aСанкт-Петербург
_c1898
300 _a238 с. разд. паг., .
_b17 л. план
_c21 см
380 _a62
490 _9435558
_aКультурно-историческая библиотека
_v1
700 _9966
_aКаменский, А. В.
_eпрев.
852 _aЦб Рр 898
942 _cKNG
_n0
_s1
944 _aCR
_c2021-03-23
_kА.М.
999 _d401956
999 _d401956
999 _d401956